000 00688nam a2200241 a 4500
001 72237
003 BD-RjUL
005 20211209082230.0
008 170515s1967 enka b 001 0 eng
035 _a(BD-RjUL)72454
040 _aDLC
_cDLC
_dBD-RjUL
_beng
041 _aeng
082 0 0 _a547.84
_223
_bHEI 1967
100 1 _aHenniker, John C.
_9213610
245 1 0 _aInfrared spectrometry of industrial polymers /
_cJohn C. Henniker.
260 _aLondon :
_bAcademic Press,
_c1967.
300 _aix, 229 p. :
_bill. ;
_c24 cm.
500 _aIncludes index
650 0 _aPolymers
_9213611
650 0 _aInfrared spectroscopy.
_9205907
942 _2ddc
_cBK
999 _c72237
_d72237